Effective radio advertising

Sparad:
Bibliografiska uppgifter
Huvudupphovsman: Weinberger, Marc G.
Materialtyp: Bok
Språk:Undetermined
Publicerad: New York Lexington 1994
Ämnen:
Taggar: Lägg till en tagg
Inga taggar, Lägg till första taggen!
Thư viện lưu trữ: Trung tâm Học liệu Trường Đại học Cần Thơ
LEADER 00600nam a2200205Ia 4500
001 CTU_153686
008 210402s9999 xx 000 0 und d
020 |c 560000 
082 |a 659.142 
082 |b W423 
100 |a Weinberger, Marc G. 
245 0 |a Effective radio advertising 
245 0 |c Marc G. Weinberger, Leland Campbell, Beth Brody 
260 |a New York 
260 |b Lexington 
260 |c 1994 
650 |a Radio advertising,Quảng cáo trên đài 
650 |z United States,Hoa Kỳ 
904 |i Trọng Hải 
980 |a Trung tâm Học liệu Trường Đại học Cần Thơ